BBC top 100 American movies - Statistics

General Stats
  • This quiz has been taken 158 times
    135 since last reset
  • The average score is 24 of 100
Answer Stats
# Hint Answer % Correct
2 1972 The Godfather
88%
97 1939 Gone With the Wind
81%
1 1941 Citizen Kane
79%
36 1977 Star Wars
76%
9 1942 Casablanca
75%
10 1974 The Godfather II
74%
8 1960 Psycho
71%
74 1994 Forrest Gump
64%
38 1975 Jaws
64%
91 1982 ET: The Extra-Terrestrial
58%
59 1975 One Flew Over the Cuckoo’s Nest
58%
19 1976 Taxidriver
58%
62 1980 The Shining
58%
4 1968 2001: A Space Odyssey
57%
20 1990 Goodfellas
57%
78 1993 Schindler’s List
56%
34 1939 The Wizard of Oz
56%
90 1979 Apocalypse Now
54%
82 1981 Raiders of the Lost Ark
54%
30 1959 Some like it hot
54%
13 1959 North by Northwest
53%
28 1994 Pulp Fiction
53%
46 1946 It’s a Wonderful Life
49%
29 1980 Raging Bull
49%
3 1958 Vertigo
49%
55 1967 The Graduate
43%
7 1952 Singin’ in the Rain
40%
23 1977 Annie Hall
39%
12 1974 Chinatown
39%
67 1936 Modern Times
39%
96 2008 The Dark Knight
39%
54 1950 Sunset Boulevard
36%
18 1931 City Lights
35%
24 1960 The apartment
35%
42 1964 Dr Strangelove
33%
76 1980 The Empire Strikes Back
29%
5 1956 The Searchers
28%
73 1976 Network
25%
86 1994 The Lion King
25%
56 1985 Back to the Future
24%
88 1961 West Side Story
24%
17 1925 The Gold Rush
22%
27 1975 Barry Lyndon
21%
35 1944 Double Indemnity
21%
6 1927 Sunrise
18%
39 1915 The Birth of a Nation
18%
75 1977 Close Encounters of the Third Kind
17%
77 1939 Stagecoach
15%
95 1933 Duck Soup
14%
60 1986 Blue Velvet
13%
21 2001 Mulholland Drive
13%
99 2013 12 Years a Slave
11%
93 1973 Mean Streets
11%
25 1989 Do the Right Thing
10%
61 1999 Eyes Wide Shut
10%
14 1975 Nashville
10%
15 1946 The Best Years of Our Lives
10%
83 1938 Bringing Up Baby
8%
87 2004 Eternal Sunshine of the Spotless Mind
8%
44 1924 Sherlock Jr
8%
33 1974 The Conversation
8%
51 1958 Touch of Evil
8%
84 1972 Deliverance
7%
22 1924 Greed
7%
47 1964 Marnie
7%
11 1942 The Magnificent Ambersons
7%
52 1969 The Wild Bunch
7%
71 1993 Groundhog Day
6%
92 1955 The Night of the Hunter
6%
85 1968 Night of the Living Dead
4%
68 1946 notorious
4%
48 1951 A Place in the Sun
3%
50 1940 His Girl Friday
3%
66 1948 Red River
3%
41 1959 Rio Bravo
3%
65 1983 The Right Stuff
3%
79 2011 The Tree of Life
3%
100 1951 Ace in the Hole
1%
49 1978 Days of Heaven
1%
98 1980 Heaven’s Gate
1%
37 1959 Imitation of Life
1%
69 1982 Koyaanisqatsi
1%
80 1944 Meet Me in St Louis
1%
45 1962 The Man Who Shot Liberty Valance
1%
94 2002 25th Hour
0%
31 1974 A Woman Under the Influence
0%
57 1989 Crimes and Misdemeanors
0%
53 1975 Grey Gardens
0%
89 1950 In a Lonely Place
0%
64 1954 Johnny Guitar
0%
26 1978 Killer of Sheep
0%
43 1948 Letter from an Unknown Woman
0%
63 1984 Love Streams
0%
16 1971 McCabe & Mrs Miller
0%
40 1943 Meshes of the Afternoon
0%
70 1953 The Band Wagon
0%
32 1941 The Lady Eve
0%
81 1991 Thelma & Louise
0%
72 1941 The Shanghai Gesture
0%
58 1940 The Shop Around the Corner
0%
No matching quizzes found
Score Distribution
Percent of People with Each Score
Percentile by Number Answered
Your Score History
You have not taken this quiz since the last reset